000 00582cam a22002053a 4500
001 41922
003 PGUSA
005 20140828083939.0
008 130126s2013||||xxu|||||s|||||000 | eng d
040 _aPGUSA
_beng
042 _adc
100 1 _aBarker, Lady
_q(Mary Anne),
_d1831-1911
245 1 4 _aThe Bedroom and Boudoir
_h[electronic resource] /
_cLady Barker
260 _bProject Gutenberg,
_c2013
506 _aPublic domain in the USA.
516 _aElectronic text
830 0 _aProject Gutenberg
_v41922
856 4 0 _uhttp://www.gutenberg.org/ebooks/41922
942 _cEB
999 _c271174
_d271174